Construire l'avenirlive blanc sur la recherche presente au president de republique

Sparad:
Bibliografiska uppgifter
Materialtyp: Bok
Språk:Undetermined
Publicerad: Paris La Documentation Francaise 1980
Taggar: Lägg till en tagg
Inga taggar, Lägg till första taggen!
Thư viện lưu trữ: Trung tâm Học liệu Trường Đại học Cần Thơ
LEADER 00414nam a2200133Ia 4500
001 CTU_78608
008 210402s9999 xx 000 0 und d
082 |a 330.944 
082 |b C756 
245 0 |a Construire l'avenirlive blanc sur la recherche presente au president de republique 
260 |a Paris 
260 |b La Documentation Francaise 
260 |c 1980 
980 |a Trung tâm Học liệu Trường Đại học Cần Thơ